000
00308nam a2200133Ia 4500
008
191201s2014 xx 000 0 und d
100
_a
GUPTA,J B
245
0
_a
GATE Electrical engineering
250
_a
Ed
260
_a
N. delhi
_b
S.K.Kataria
_c
2014
300
_a
1046
650
_a
B.Tech(ECE)
942
_2
ddc
_c
BK
999
_c
42
_d
42